Advances in seafood biochemistry: composition and quality
Saved in:
| Main Author: | |
|---|---|
| Other Authors: | |
| Format: | Book |
| Language: | English |
| Published: |
Lancaster
Technomic Publishing
1992
|
| Subjects: | |
| Tags: |
Add Tag
No Tags, Be the first to tag this record!
|
MARC
| LEADER | 00000nam a2200000 a 4500 | ||
|---|---|---|---|
| 001 | UCP0977 | ||
| 003 | CL-VaPUC | ||
| 008 | 990326e19920000US |||||||||||||||||eng|d | ||
| 082 | 0 | 4 | |a 664.949 |b FLI |2 21 |
| 100 | 0 | |a Flick, George J |e author |9 426679 | |
| 700 | |a Martin, Roy E. |e autor |9 426680 | ||
| 245 | 1 | 0 | |a Advances in seafood biochemistry: composition and quality |
| 300 | |a 406 p | ||
| 942 | |c BK | ||
| 945 | |d 19990326 00:00:00 |a aarredon | ||
| 260 | |a Lancaster |b Technomic Publishing |c 1992 | ||
| 650 | 0 | |a Alimentos marinos |9 259402 | |
| 650 | 7 | |a BIOQUIMICA DE LOS ALIMENTOS |2 CL-VaPUC |9 426681 | |
| 650 | 0 | |a Alimentos en conservas |9 426682 | |
| 650 | 0 | |a Pescado |9 362658 | |
| 650 | 7 | |a ELABORACION DE ALIMENTOS |2 CL-VaPUC |9 352336 | |
| 650 | 0 | |a Aceite de pescado |9 366053 | |
| 583 | |a last modification |c 19990326 00:00:00 |k Rodrigo Vera | ||
| 999 | |c 279702 |d 279700 | ||
| 952 | |0 0 |1 0 |4 0 |6 664_949000000000000_FLI_1992 |7 0 |8 A |9 319393 |a BIBALI |b BIBALI |d 2019-11-20 |i 3503577 |o 664.949 FLI 1992 |p 3503577 |r 2025-01-20 |w 2019-11-20 |y BK |k ALI | ||
| 952 | |0 0 |1 0 |4 0 |6 664_949000000000000_FLI_1992 |7 0 |8 A |9 319394 |a BIBALI |b BIBALI |d 2019-11-20 |i 3582671 |o 664.949 FLI 1992 |p 3582671 |r 2025-01-20 |w 2019-11-20 |y BK |k ALI | ||